Comida - Statistics

Estatísticas Gerais
  • Esse quiz foi jogado 599 vezes
  • A pontuação média é 5 de 15
Estatísticas das Respostas
Imagem Resposta % Correto
Canela
97%
Churros
64%
Croissant
61%
Presunto
43%
Couve de Bruxelas
32%
Milho doce
30%
Ostras
29%
Ovas
27%
Bife Wellington
23%
Tiramisu
23%
Kivi
17%
Pudim Flan
17%
Kebab
16%
Mozzarella
14%
Ovos cozidos
5%
Nenhum quiz correspondente encontrado
Distribuição das Pontuações
Porcentagem de Pessoas com Cada Pontuação
Percentil de Números Respondidos
Sua Pontuação Histórica
Você não jogou esse quiz